| 000 | 00486nam a22001817a 4500 | ||
|---|---|---|---|
| 999 |
_c478512 _d478512 |
||
| 003 | NUST | ||
| 005 | 20180601071054.0 | ||
| 008 | 180601b ||||| |||| 00| 0 eng d | ||
| 020 | _a9788131220184 | ||
| 038 | _aSNS Library | ||
| 082 | _a541.28 | ||
| 100 |
_aJohn P. Lowe , Kirk A. Peterson _910733 |
||
| 245 |
_aQuantum Chemistry _cJohn P. Lowe , Kirk A. Peterson |
||
| 250 | _a3rd Ed. | ||
| 260 |
_aIndia _bAcademic Press _c2006 |
||
| 300 |
_axxii 703 p. _bHb. |
||
| 942 |
_2ddc _cBK |
||